| 000 | 00465nam a2200133 a 4500 | ||
|---|---|---|---|
| 008 | 120416s1965 ||||||||||||||||| || u | ||
| 050 | _aQA 171 Gre | ||
| 100 | _aGreen, James Alexander | ||
| 245 | 1 | 0 | _aSets and Groups |
| 260 |
_aLondon _bRoutledge and Kegan Paul _c1965 |
||
| 300 | _aix, 84p. : ill | ||
| 350 | _a0.00 | ||
| 995 |
_D0.00 _FCBU-MAIN LIBRARY (Kitwe) _H1 _I1.95 _M1 _UDAMAGED _ZMain Library Open Access Collection |
||
| 999 |
_c57337 _d57337 |
||